<?xml version="1.0" encoding="UTF-8"?>
<collection xmlns="http://www.loc.gov/MARC21/slim">
 <record>
  <leader>01751nam a2200205Ia 4500</leader>
  <controlfield tag="001">CTU_154780</controlfield>
  <controlfield tag="008">210402s9999    xx            000 0 und d</controlfield>
  <datafield tag="082" ind1=" " ind2=" ">
   <subfield code="a">813.54</subfield>
  </datafield>
  <datafield tag="082" ind1=" " ind2=" ">
   <subfield code="b">C653</subfield>
  </datafield>
  <datafield tag="100" ind1=" " ind2=" ">
   <subfield code="a">Coben, Harlan</subfield>
  </datafield>
  <datafield tag="245" ind1=" " ind2="0">
   <subfield code="a">Đừng nói một ai =</subfield>
  </datafield>
  <datafield tag="245" ind1=" " ind2="0">
   <subfield code="b">Tell no one</subfield>
  </datafield>
  <datafield tag="245" ind1=" " ind2="0">
   <subfield code="c">Harlan Coben ; Phá Hiểu dịch</subfield>
  </datafield>
  <datafield tag="260" ind1=" " ind2=" ">
   <subfield code="a">Hà Nội</subfield>
  </datafield>
  <datafield tag="260" ind1=" " ind2=" ">
   <subfield code="b">Hội nhà văn</subfield>
  </datafield>
  <datafield tag="260" ind1=" " ind2=" ">
   <subfield code="c">2009</subfield>
  </datafield>
  <datafield tag="520" ind1=" " ind2=" ">
   <subfield code="a">Đừng nói một ai là câu chuyện của những mất mát và tìm kiếm, tội lỗi và cứu chuộc. Được bắt đầu với một nhịp điệu bình thản và lãng mạn đến không ngờ, bác sỹ David Beck cùng người vợ yêu, Elizabeth đang kỷ niệm ngày trao nụ hôn đầu bên hồ Charmaine yên tĩnh. Thảm kịch, đột ngột, ập đến xé rách màn đêm, Elizabeth bị bắt cóc và giết hại giã man. Người ta tìm thấy thi thể nàng tại một con mương nhỏ, kẻ giết người bị bắt giữ và đem ra xét xử. Mất đi người vợ yêu, Beck vùi đầu vào công việc để quên đi tất cả nhưng nỗi đau ấy chưa một ngày nguôi dịu trong anh. Và mọi việc, lại một lần nữa bị xáo trộn dữ dội đúng vào dịp kỷ niệm tám năm ngày mất của Elizabeth, khi hai tử thi vô danh được tìm thấy bên hồ sau trận mưa lớn...</subfield>
  </datafield>
  <datafield tag="650" ind1=" " ind2=" ">
   <subfield code="a">Mystery fiction,American fiction,Tiểu thuyết huyền bí</subfield>
  </datafield>
  <datafield tag="904" ind1=" " ind2=" ">
   <subfield code="i">Năm</subfield>
  </datafield>
  <datafield tag="980" ind1=" " ind2=" ">
   <subfield code="a">Trung tâm Học liệu Trường Đại học Cần Thơ</subfield>
  </datafield>
 </record>
</collection>
